000 00763nam a2200217 a 4500
005 20231108063626.0
008 991125s1996 mx 000 0 spa u
020 _a9688425680
035 _aUPN01000014716
049 _aCG
050 4 _aLC177 M6
_bV3.3
100 1 _aVarela Petito, Gonzalo,
_d1950-
_936250
245 1 0 _aDespués del 68 :
_brespuestas de la política educativa a la crisis universitaria /
_cGonzalo Varela Petito.
260 _aMéxico :
_bM. A. Porrúa :
_bCoordinación de Humanidades,
_c1996.
300 _a177 p.
440 0 _aProblemas educativos de México
650 4 _aEducación superior y Estado
_zMéxico
_95951
650 2 _aMovimientos estudiantiles
_924999
650 4 _aUniversidades y colegios
_zMéxico
_911387
905 _aLibro
999 _c14716
_d14716